000 00565nam a22001937a 4500
999 _c172292
_d172292
005 20200131113006.0
010 _aENG-127583
020 _a9789388398848
_c200.00
035 _aEN-111115
037 _bDBAD/PUB
082 _a530.00
100 _aN.Sudha Kumari
245 _aE-Content on learning Physics /
_cby N.Sudha Kumari [and] G.Rexlin Jose
260 _aTamil Nadu
_bShanlax
_c2019
270 _bTamil Nadu
_a61,66 T.P.K Main Road Vasantha Nagar
_e625003
300 _a136p.
_b22 cm(pbk)
500 _a
942 _2ddc
_cEN
_h530
_mSUD